00219nam a2200097 a 450000500170000000800410001705000180005824500180007665000090009465000180010320141022142005.0080922s19uu xx 00 eng d aVCDbN66 2000 aNot one less. aVCD. aNot one less.